000 00244nam a2200097Ia 4500
001 643447
005 20250826153546.0
008 250824s9999 xx 000 0 und d
245 0 _aESRARENGİZ BİLGİN
_cİSMAİL BİLGİN
260 _bGENÇ TİMAŞ
999 _c643447
_d643447